[Event "Vienna op"]
[Site "Vienna"]
[Date "1991.??.??"]
[Round "3"]
[White "Dereviagin, Vladislav"]
[Black "Blatny, Pavel"]
[Result "0-1"]
[WhiteElo "2265"]
[BlackElo "2480"]

1.d4 Nf6 2.c4 d6 3.Nc3 Nbd7 4.e4 e5 5.d5 Be7 6.Be3 O-O 7.f3 Nh5 8.Qd2 h6
9.Nge2 Bg5 10.g4 Bxe3 11.Qxe3 Qh4+ 12.Qf2 Qxf2+ 13.Kxf2 Nhf6 14.Nc1 a5 15.b3 Nc5
16.Nd3 Bd7 17.Be2 g6 18.Ke3 Kg7 19.h3 h5 20.Nxc5 dxc5 21.f4 exf4+ 22.Kxf4 Rae8
23.g5 Nh7 24.e5 Nxg5 25.Kxg5 Rxe5+ 26.Kf4 Rfe8 27.Rac1 Re3 28.h4 f6 29.Rhg1 Rh3
30.Rh1 Rhe3 31.Rhg1 Kh6 32.Bf3 Bf5 33.d6 cxd6 34.Bxb7 Bg4 35.Rxg4 hxg4 36.Ne4 Rd3
37.Bd5 Rd4 38.h5 f5 39.hxg6 Kxg6 40.Rg1 Rexe4+  0-1

[Event "Vienna op"]
[Site "Vienna"]
[Date "1991.??.??"]
[Round "4"]
[White "Blatny, Pavel"]
[Black "Fette, Martin"]
[Result "1-0"]
[WhiteElo "2480"]
[BlackElo "2380"]

1.d4 Nf6 2.Nf3 g6 3.Nc3 d5 4.Bf4 Bg7 5.e3 Bg4 6.Be2 c6 7.Ne5 Bxe2 8.Qxe2 Nbd7
9.O-O-O O-O 10.h4 Qa5 11.h5 Nxe5 12.dxe5 Ne4 13.hxg6 Nxc3 14.Qh5 Nxa2+ 15.Kb1 fxg6
16.Qxh7+ Kf7 17.Bh6 Rg8 18.Rh4 g5 19.Bxg7 gxh4 20.Bf6+ Ke6 21.Qxe7+ Kf5 22.Qh7+ Ke6
23.e4  1-0

[Event "Vienna op"]
[Site "Vienna"]
[Date "1991.??.??"]
[Round "5"]
[White "Motwani, Paul"]
[Black "Blatny, Pavel"]
[Result "1-0"]
[WhiteElo "2440"]
[BlackElo "2480"]

1.e4 e5 2.Nc3 Nf6 3.g3 Bc5 4.Bg2 d6 5.Nge2 Bd7 6.O-O O-O 7.h3 Re8 8.Kh2 b5
9.a3 a6 10.f4 Nc6 11.f5 Nd4 12.g4 h6 13.Ng3 g5 14.Nd5 Nh7 15.c3 Nc6 16.f6 Be6
17.d3 Kh8 18.h4 Rg8 19.Nf5 Bxf5 20.Rxf5 Rg6 21.hxg5 hxg5 22.Kg3 Qf8 23.Bd2 Nd8
24.Qf3 Ne6 25.Rh1 Rh6 26.Bf1 Nf4 27.d4 Ba7 28.dxe5 dxe5 29.Rxe5 Rd8 30.Bxf4 gxf4+
31.Kg2 c6 32.Rxh6 Qxh6 33.Rh5 Qg6 34.Nxf4 Qxf6 35.Bd3 Kg8 36.e5  1-0

[Event "Vienna op"]
[Site "Vienna"]
[Date "1991.??.??"]
[Round "7"]
[White "Kranzl, Peter"]
[Black "Blatny, Pavel"]
[Result "0-1"]
[WhiteElo "2310"]
[BlackElo "2480"]

1.e4 e5 2.Nf3 Nc6 3.c3 d5 4.Qa4 Bd7 5.exd5 Nd4 6.Qd1 Nxf3+ 7.Qxf3 Nf6 8.Bc4 e4
9.Qe2 Bd6 10.d3 O-O 11.dxe4 Nxe4 12.Be3 f5 13.Nd2 Nxd2 14.Qxd2 f4 15.Bd4 Qe7+
16.Kd1 Qg5 17.f3 Rae8 18.g4 Re3 19.h4 Qe7 20.Bxe3 fxe3 21.Qg2 b5 22.Bd3 Qe5
23.Be4 b4 24.Rc1 Rf4 25.Rc2 Ba4 26.Re1 bxc3 27.b3 Qd4+ 28.Kc1 Bb5 29.Kb1 Rxe4
30.fxe4 Qd2 31.Re2 Qd1+ 32.Rc1 Bd3+ 33.Rc2 e2  0-1

[Event "Vienna op"]
[Site "Vienna"]
[Date "1991.??.??"]
[Round "9"]
[White "Schmidt, Peter"]
[Black "Blatny, Pavel"]
[Result "0-1"]
[WhiteElo "2405"]
[BlackElo "2480"]

1.d4 d5 2.c4 e6 3.Nf3 Nd7 4.Qc2 Ngf6 5.g3 dxc4 6.Qxc4 a6 7.Bg2 b5 8.Qc6 Rb8
9.Bf4 Nd5 10.Bg5 Be7 11.Bxe7 Qxe7 12.O-O Bb7 13.Qc2 c5 14.Nbd2 O-O 15.dxc5 Rfc8
16.Nb3 Nxc5 17.Nxc5 Rxc5 18.Qd2 Rbc8 19.Rac1 Qc7 20.Rxc5 Qxc5 21.Rd1 h6 22.Nd4 b4
23.Nb3 Qb6 24.Rc1 Rd8 25.Qd4 Qxd4 26.Nxd4 Kf8 27.Kf1 Ke7 28.Ke1 Rd6 29.Nb3 Kd8
30.Na5 Ba8 31.e4 Nc7 32.e5 Rb6 33.Rxc7 Bxg2 34.Rxf7 Bd5 35.Nb3 Rb5 36.f4 g5
37.Kd2 a5 38.Ra7 Bxb3 39.axb3 Rd5+ 40.Ke3 Rc5 41.Kd3 gxf4 42.gxf4 h5 43.Rh7 Rd5+
44.Kc4 Rd2 45.Kc5 Rxb2 46.Kd6 Kc8 47.f5 exf5 48.e6 Rd2+ 49.Ke5 Re2+ 50.Kf6 f4
51.Rxh5 a4 52.Rc5+ Kd8 53.bxa4 f3 54.Rc1 f2 55.Rf1 b3 56.a5 b2 57.a6 b1=Q
58.Rxb1 Re1 59.e7+ Kd7  0-1

[Event "AUT-chT"]
[Site "AUT"]
[Date "1992.??.??"]
[Round "?"]
[White "Uhlmann, Wolfgang"]
[Black "Blatny, Pavel"]
[Result "1-0"]
[WhiteElo "2495"]
[BlackElo "2480"]

1.c4 e6 2.Nc3 d5 3.d4 Nf6 4.cxd5 exd5 5.Bg5 Nbd7 6.e3 Be7 7.Nf3 c6 8.Bd3 h6
9.Bf4 O-O 10.h3 Re8 11.Qc2 Bf8 12.O-O Qe7 13.Nd2 b5 14.Rae1 Nb6 15.e4 b4
16.Na4 Nxa4 17.Qxa4 Qb7 18.e5 Nd7 19.Rc1 Re6 20.Bf5 Nb6 21.Qb3 Re8 22.Bb1 g6
23.Qe3 Kh7 24.h4 Be6 25.h5 Qd7 26.hxg6+ fxg6 27.Qg3 Bf5 28.Bxf5 gxf5 29.Nf3 Qe6
30.Qh3 Be7 31.Bg5 Kg7 32.Bxe7 Rxe7 33.Rc2 Rc8 34.Rfc1 Nd7 35.Ne1 c5 36.Nd3 c4
37.Nf4 Qf7 38.Re2 Nf8 39.Re3 Rc6 40.Nh5+ Kh8 41.Nf6 Nh7 42.Qxh6 Ree6 43.Rh3 Rxf6
44.exf6 Rxf6 45.Qf4 Re6 46.Qb8+ Kg7 47.Rg3+ Rg6 48.Rxg6+ Kxg6 49.Qxb4 Nf6
50.Re1 Ne4 51.f3 Qf6 52.fxe4 Qxd4+ 53.Kf1 Qd3+ 54.Re2 fxe4 55.Qd6+ Kf5 56.g3 Qd1+
57.Kf2 Qd4+ 58.Kg2 e3 59.Qf8+ Ke4 60.Qf4+ Kd3 61.Qxd4+ Kxd4 62.Kf3  1-0

[Event "AUT-chT"]
[Site "AUT"]
[Date "1992.??.??"]
[Round "?"]
[White "Sinowjew, Juri"]
[Black "Blatny, Pavel"]
[Result "0-1"]
[WhiteElo "2310"]
[BlackElo "2480"]

1.e4 e5 2.Nf3 Nc6 3.Bb5 a6 4.Ba4 Nf6 5.O-O Be7 6.Re1 b5 7.Bb3 O-O 8.d3 d6
9.c3 Re8 10.Nbd2 Bf8 11.Nf1 h6 12.Ng3 g6 13.d4 Bg4 14.Be3 Na5 15.h3 Nxb3
16.axb3 Bd7 17.dxe5 dxe5 18.b4 Qc8 19.Nd2 Bg7 20.Nb3 h5 21.Nc5 Bc6 22.Qc2 Nd7
23.Nf1 Nxc5 24.Bxc5 Qb7 25.Nd2 Rad8 26.Nb3 Qc8 27.Be3 f5 28.Nc5 f4 29.Rxa6 Rd6
30.Bc1 f3 31.Ra7 Kh7 32.Bg5 Bf6 33.Qc1 Rf8 34.Bxf6 Rdxf6 35.Qg5 R8f7 36.g4 hxg4
37.Qxg4 Qe8 38.Nd3 Rd6 39.Re3 Kg8 40.Rxf3 Rfd7 41.Qg3 Bxe4 42.Nxe5 Re7 43.Ng4 Qc6
44.Nh6+ Kg7 45.Kh2 Rd1  0-1

[Event "AUT-chT"]
[Site "AUT"]
[Date "1992.??.??"]
[Round "?"]
[White "Herzog, Adolf"]
[Black "Blatny, Pavel"]
[Result "0-1"]
[WhiteElo "2350"]
[BlackElo "2480"]

1.d4 Nf6 2.Nf3 e6 3.Bf4 c5 4.c3 Nc6 5.e3 Qb6 6.Qb3 d5 7.Na3 c4 8.Qxb6 axb6
9.Nb5 Ra5 10.a4 Na7 11.Nc7+ Ke7 12.Nd2 Bd7 13.Be2 Bxa4 14.Bxc4 Bc6 15.Rxa5 bxa5
16.Be2 Kd7 17.Na8 Nc8 18.Nf3 Bd6 19.Ne5+ Bxe5 20.Bxe5 Ne8 21.b4 axb4 22.Kd2 f6
23.Bg3 b3 24.c4 dxc4 25.d5 Bxd5 26.e4 Bxe4 27.Bxc4 b2 28.Bb5+ Ke7 29.Bd3 Ned6
30.f3 Bxd3 31.Kxd3 b5 32.Kc3 Na7 33.Rd1 Rc8+ 34.Kxb2 Nc4+ 35.Kb3 Na5+ 36.Kb4 N5c6+
37.Kc5 Rxa8 38.Bd6+ Ke8 39.Bc7 Rc8 40.Kb6 b4 41.Rd3 Ne7 42.Kb7 Nd5 43.Ba5 Rc5  0-1

[Event "Bad Woerishofen op"]
[Site "Bad Woerishofen"]
[Date "1992.??.??"]
[Round "7"]
[White "Kindermann, Stefan"]
[Black "Blatny, Pavel"]
[Result "1-0"]
[WhiteElo "2505"]
[BlackElo "2480"]

1.e4 e5 2.Nf3 Nc6 3.d4 exd4 4.Nxd4 Bc5 5.Be3 Qf6 6.c3 Nge7 7.Bc4 Ne5 8.Be2 Qg6
9.O-O h5 10.f3 d5 11.Nd2 Bb6 12.Kh1 Bd7 13.a4 a5 14.Bg1 dxe4 15.fxe4 O-O-O
16.Nc4 Nxc4 17.Bxc4 f5 18.Qe2 fxe4 19.Bf7 Qg4 20.Qxg4 hxg4 21.Ne6 e3 22.Rae1 g3
23.Nxd8 Kxd8 24.Bxe3 Bc6 25.Kg1 Rxh2 26.Rd1+ Kc8 27.Be6+ Kb8 28.Rd8+ Ka7
29.Bxb6+ Kxb6 30.Bh3 g6 31.Rd3 Nf5 32.Rxf5 gxf5 33.Rxg3 Rxh3 34.gxh3 Bxa4
35.h4 Bc2 36.h5 Kb5 37.h6 f4 38.Rg7 Ka4 39.Rxc7 b5 40.Ra7 Bd3 41.b4  1-0

[Event "EU-chT (Men)"]
[Site "Debrecen"]
[Date "1992.??.??"]
[Round "9"]
[White "Blatny, Pavel"]
[Black "Lobron, Eric"]
[Result "1/2-1/2"]
[WhiteElo "2480"]
[BlackElo "2575"]

1.e4 c6 2.d4 d5 3.exd5 cxd5 4.c4 Nf6 5.Nc3 e6 6.c5 Be7 7.Nf3 O-O 8.Bd3 b6
9.b4 Bb7 10.Bf4 a5 11.Nb5 Na6 12.Nd6 Bxd6 13.Bxd6 Nxb4 14.Bxf8 Qxf8 15.Bb1 bxc5
16.O-O Ba6 17.Re1 Rc8 18.Ne5 cxd4 19.Qxd4 Qc5 20.Qxc5 Rxc5 21.a3 Nc6 22.Bd3 Nxe5
23.Bxa6 Nc4 24.Rab1 g5 25.Rec1 Ne4 26.Bxc4 dxc4 27.a4 c3 28.f3 Nd6 29.Rb3 Rc4
30.Ra3 Rb4 31.h3 h6 32.Rcxc3 Nc4 33.Ra1 Nb6 34.Rc5 Nxa4 35.Rxa5 Nb6 36.Ra7 Nd5
37.R1a2 h5 38.Rd2 h4 39.Ra5  1/2-1/2

[Event "Gausdal Int"]
[Site "Gausdal"]
[Date "1992.??.??"]
[Round "1"]
[White "Blatny, Pavel"]
[Black "Pliester, Leon"]
[Result "1/2-1/2"]
[WhiteElo "2515"]
[BlackElo "2345"]

1.e4 c5 2.c3 d5 3.exd5 Qxd5 4.d4 Nf6 5.Nf3 Bg4 6.Be2 e6 7.h3 Bh5 8.c4 Qd8
9.Qa4+ Nbd7 10.d5 exd5 11.cxd5 Bd6 12.Nc3 O-O 13.Qh4 Re8 14.Be3 Qb6 15.O-O-O Rac8
16.g4 Bg6 17.Nd2 Ne5 18.g5 Nfd7 19.Qa4 Qb4 20.Qb3 c4 21.Qxb4 Bxb4 22.Rde1 Kf8
23.h4 Nc5 24.Bxc5+ Bxc5 25.Nde4 Bb4 26.f3 Nd7 27.Bd1 Bxc3 28.bxc3 Bxe4 29.fxe4 Nc5
30.Bc2 Re5 31.Re3 Rce8 32.Rd1 b5 33.Rde1 Ke7 34.Rf3 Rf8 35.Rd1 Nd7 36.Rg1 g6
37.Rf4 f6 38.gxf6+ Rxf6 39.Rfg4 Rf2 40.Kb1 Kd6 41.a4 bxa4 42.Bxa4 Nc5 43.Bc2 Re2
44.Rf1 Nxe4 45.Kb2 Rf5 46.Rxf5 gxf5 47.Rg7 a5 48.Rxh7 a4 49.Ra7 f4 50.h5 f3
51.h6 Rh2 52.Ra6+ Kxd5 53.Ra5+ Nc5 54.Ra8 Nd3+ 55.Ka3 Rxh6 56.Ra5+ Nc5 57.Bd1 Rf6
58.Bxf3+ Rxf3 59.Kb4 Kd6 60.Rxc5 a3 61.Ra5 Kc6  1/2-1/2

[Event "Gausdal Int"]
[Site "Gausdal"]
[Date "1992.??.??"]
[Round "3"]
[White "Blatny, Pavel"]
[Black "Guindy, Esmat"]
[Result "1-0"]
[WhiteElo "2515"]
[BlackElo "2045"]

1.d4 d5 2.Nf3 Nf6 3.Bf4 e6 4.e3 c5 5.c3 Nc6 6.Nbd2 Be7 7.Bd3 O-O 8.Qe2 a6
9.h4 b5 10.Ne5 Bd7 11.Rh3 c4 12.Bc2 b4 13.Rg3 Kh8 14.Nxc6 Bxc6 15.Be5 Bd6
16.cxb4 Bxb4 17.Rxg7 Bxd2+ 18.Kd1  1-0

[Event "Peer Gynt"]
[Site "Gausdal"]
[Date "1992.??.??"]
[Round "3"]
[White "Blatny, Pavel"]
[Black "Kraidman, Yair"]
[Result "0-1"]
[WhiteElo "2515"]
[BlackElo "2385"]

1.d4 Nf6 2.Nf3 d5 3.Bf4 c6 4.Nbd2 g6 5.h3 Bg7 6.e3 O-O 7.Bd3 Nbd7 8.c3 Re8
9.g4 Nf8 10.Qc2 N6d7 11.O-O-O e5 12.Nxe5 Nxe5 13.Bxe5 Bxe5 14.dxe5 Rxe5 15.Rdg1 Qf6
16.Nf1 c5 17.h4 d4 18.g5 Qd8 19.Ng3 dxe3 20.f4 Rd5 21.Bc4 Rd2 22.Qb3 Qc7
23.h5 b5 24.Bd5 Rxd5 25.Ne4 Rf5 26.hxg6 Nxg6 27.Nf6+ Rxf6 28.gxf6 Qxf4 29.Rf1 Qg5
30.Rfg1 Bg4 31.Qxb5 Rd8 32.Kb1 h5 33.a4 Qxf6 34.Qxc5 e2 35.Ka2 Bf3  0-1

[Event "Gausdal Int"]
[Site "Gausdal"]
[Date "1992.??.??"]
[Round "4"]
[White "Stein, Bernd"]
[Black "Blatny, Pavel"]
[Result "1-0"]
[WhiteElo "2370"]
[BlackElo "2515"]

1.e4 c5 2.c3 d5 3.exd5 Qxd5 4.d4 Nf6 5.Nf3 Nc6 6.Be2 cxd4 7.cxd4 e6 8.Nc3 Qd6
9.O-O Be7 10.Bg5 O-O 11.Rc1 a6 12.Qd2 Rd8 13.Rfd1 Nd5 14.Bxe7 Ncxe7 15.Ne5 Bd7
16.Ne4 Qb6 17.Bd3 Be8 18.Nc5 Nf6 19.Rc3 Qa7 20.Rb3 b6 21.Ne4 Ned5 22.Ra3 b5
23.b4 Rac8 24.Nc5 Rd6 25.g4 g6 26.Be2 Kg7 27.Rh3 Ng8 28.g5 Qe7 29.Ne4 Rdd8
30.a3 f6 31.gxf6+ Ndxf6 32.Nc5 Rd6 33.Qg5 Rcd8 34.Qh4 Bc6 35.Nxc6 Rxc6 36.Bf3 Rb6
37.Re1 h6 38.d5 g5 39.Qd4 Rbd6 40.Qe5 Kh7 41.Nxe6 g4 42.Be4+ Kh8 43.Rc3 Re8
44.Ree3 Rd7 45.Rc6 Qg7 46.Qa1 Qf7 47.Rxa6 Qh5 48.Rc6 Qh4 49.Qc3 Ne7 50.Nf4 Rf8
51.Re6 Kg8 52.d6 Ned5 53.Rxf6 Nxf6 54.Qb3+ Rdf7 55.Bg6 Kg7 56.Re7 Rxe7 57.dxe7 Rc8
58.Qf7+ Kh8 59.Bc2 Rg8 60.e8=Q  1-0

[Event "Gausdal Int"]
[Site "Gausdal"]
[Date "1992.??.??"]
[Round "5"]
[White "Blatny, Pavel"]
[Black "Chachere, Lawrence"]
[Result "1-0"]
[WhiteElo "2515"]
[BlackElo "2240"]

1.d4 Nf6 2.Nf3 e6 3.Bf4 c5 4.c3 b6 5.e3 Bb7 6.Nbd2 Be7 7.Bd3 Nh5 8.Bg3 d6
9.Qe2 Nd7 10.O-O-O h6 11.Kb1 Qc7 12.Bc2 Nxg3 13.hxg3 O-O-O 14.g4 Kb8 15.e4 Rhe8
16.Qe3 Rc8 17.Ba4 a6 18.dxc5 bxc5 19.Nc4 Bc6 20.Bxc6 Qxc6 21.Qd3 Nf6 22.e5 Nxg4
23.exd6 Nxf2 24.Qc2 Nxd1 25.Rxd1 Red8 26.Nfe5 Qb7 27.Na5 Qb6 28.dxe7 Rxd1+
29.Qxd1 c4 30.Nd7+  1-0

[Event "Gausdal Int"]
[Site "Gausdal"]
[Date "1992.??.??"]
[Round "7"]
[White "Blatny, Pavel"]
[Black "Trabert, Bettina"]
[Result "1-0"]
[WhiteElo "2515"]
[BlackElo "2145"]

1.d4 d5 2.Nf3 e6 3.Bf4 Bd6 4.Bg3 Nf6 5.e3 O-O 6.Bd3 b6 7.Nbd2 Bb7 8.Bh4 Be7
9.c3 Ne4 10.Bxe7 Qxe7 11.h4 f5 12.Ne5 Nd7 13.Ndf3 Nxe5 14.Nxe5 f4 15.Qc2 g6
16.f3 Ng3 17.Rh3 Nh5 18.g4 fxg3 19.O-O-O Rf6 20.f4 c5 21.Kb1 cxd4 22.cxd4 Rc8
23.Qd2 Bc6 24.Be2 Rf5 25.Rc1 Qb7 26.Bxh5 Rxh5 27.Rxg3 Be8 28.Rgg1 Rxc1+ 29.Rxc1 Rxh4
30.Qb4 Qg7 31.Qd6 Qf6 32.a3 Kg7 33.Ka2 Kh6 34.Rc8 Bb5 35.Rf8 Qg7 36.Qd8  1-0

[Event "Peer Gynt"]
[Site "Gausdal"]
[Date "1992.??.??"]
[Round "7"]
[White "Christensen, Tobias"]
[Black "Blatny, Pavel"]
[Result "0-1"]
[WhiteElo "2365"]
[BlackElo "2515"]

1.e4 c5 2.c3 d5 3.exd5 Qxd5 4.d4 Nf6 5.Nf3 Nc6 6.Be2 cxd4 7.cxd4 e6 8.Nc3 Qd6
9.O-O Be7 10.Be3 O-O 11.Rc1 Rd8 12.Qd2 a6 13.Bf4 Qd7 14.Rfd1 Qe8 15.Bc7 Rd7
16.Bb6 Bd8 17.Na4 Nd5 18.Bxd8 Rxd8 19.Bc4 Nce7 20.Nc3 Nf6 21.Bd3 Bd7 22.Ne4 Nxe4
23.Bxe4 Bc6 24.Qd3 h6 25.Bxc6 Nxc6 26.Qb3 Na5 27.Qb6 Rd5 28.b4 Rb5 29.Qc7 Nc6
30.a3 Rd8 31.Rc5 Rd7 32.Qf4 Rxc5 33.bxc5 Qd8 34.Ne5 Nxe5 35.Qxe5 Rd5 36.Qe4 Qd7
37.f4 Rxc5 38.dxc5 Qxd1+ 39.Kf2 Qb3  0-1

[Event "Peer Gynt"]
[Site "Gausdal"]
[Date "1992.??.??"]
[Round "8"]
[White "Blatny, Pavel"]
[Black "Brestian, Egon"]
[Result "1/2-1/2"]
[WhiteElo "2515"]
[BlackElo "2450"]

1.e4 c5 2.c3 d5 3.exd5 Qxd5 4.d4 e6 5.Nf3 Nf6 6.Na3 Qd8 7.Bf4 Nc6 8.dxc5 Qxd1+
9.Rxd1 Bxc5 10.Nb5 O-O 11.Be2 Ne8 12.O-O f6 13.Nbd4 Nxd4 14.Nxd4 e5 15.Nb3 Be7
16.Bc4+ Kh8 17.Be3 Nc7 18.Bc5 Bxc5 19.Nxc5 b5 20.Be2 Ne6 21.Nd7 Bxd7 22.Rxd7 a6
23.Rfd1 Nc5 24.Rc7 Rac8 25.Rxc8 Rxc8 26.c4 bxc4 27.Bxc4 a5 28.b3 g6 29.f3 Kg7
30.Rd6 f5 31.h4 Rc7 32.Rd8 a4 33.g4 fxg4 34.fxg4 axb3 35.axb3 Rb7 36.Rg8+ Kf6
37.Rf8+ Kg7 38.Rg8+ Kf6 39.Rf8+ Kg7 40.Rf3 e4 41.Rc3 Kf6 42.Kf2 Ke5 43.Ke3 Nd7
44.Bg8 Nf6 45.Rc5+ Kd6 46.Rc8  1/2-1/2

[Event "Gausdal Int"]
[Site "Gausdal"]
[Date "1992.??.??"]
[Round "8"]
[White "Jelling, Erik"]
[Black "Blatny, Pavel"]
[Result "0-1"]
[WhiteElo "2400"]
[BlackElo "2515"]

1.d4 Nf6 2.Nf3 e6 3.c4 d5 4.Nc3 Bb4 5.Qa4+ Nc6 6.Bg5 h6 7.Bxf6 Qxf6 8.e3 Bd7
9.Qc2 O-O 10.a3 Bxc3+ 11.Qxc3 Rfe8 12.Rc1 Rac8 13.c5 e5 14.dxe5 Nxe5 15.Be2 Nxf3+
16.gxf3 d4 17.Qxd4 Qxd4 18.exd4 Bb5 19.Rc2 Rcd8 20.Rg1 Re7 21.a4 Bxa4 22.Rc3 Rxd4
23.Re3 Rxe3 24.fxe3 Rb4 25.Rg4 Rxg4 26.fxg4 Kf8 27.Kd2 Ke7 28.Bf3 Bc6 29.Bxc6 bxc6
30.Kd3 Kf6 31.Ke4 Kg5 32.Kf3 Kh4 33.e4 Kh3 34.Kf4 Kxh2 35.Kf5 Kg3 36.e5 a5  0-1

[Event "Gausdal Int"]
[Site "Gausdal"]
[Date "1992.??.??"]
[Round "9"]
[White "Blatny, Pavel"]
[Black "Djurhuus, Rune"]
[Result "1-0"]
[WhiteElo "2515"]
[BlackElo "2405"]

1.Nf3 f5 2.d3 d6 3.e4 e5 4.Nc3 Nf6 5.g3 Be7 6.Bg2 Nc6 7.O-O O-O 8.h3 Qe8
9.Nh4 Nd4 10.Ne2 Nxe2+ 11.Qxe2 fxe4 12.dxe4 Be6 13.c4 Qf7 14.b3 a5 15.a4 Nd7
16.Nf5 Nc5 17.Rb1 Kh8 18.Ne3 Qg6 19.Nd5 Bd8 20.Kh2 Bg8 21.f4 exf4 22.Nxf4 Qe8
23.Ba3 Bf6 24.Bxc5 dxc5 25.Nd3 Bd4 26.e5 Rxf1 27.Rxf1 c6 28.h4 Be6 29.Be4 Rb8
30.Qf3 Rd8 31.Bf5 Kg8 32.Re1 Bxf5 33.Qxf5 Qf7 34.Qe4 Re8 35.e6 Qf6 36.Nf4 g6
37.Kg2 Re7 38.Rf1 Qe5 39.Qf3 Qf5 40.Qe2 Qe5 41.Qd1 Qe4+ 42.Kh2 Qe5 43.Qd2 Qc7
44.Qd3 Qe5 45.Qb1 Be3 46.Re1 Qc3 47.Qd3 Qxd3 48.Nxd3 Bd4 49.g4 Kf8 50.Kg3 Re8
51.g5 Ke7 52.Nf4 Rf8 53.Kg4 b5 54.cxb5 cxb5 55.axb5 Rb8 56.b6 Bg7 57.Nd5+ Kd6
58.e7 Re8 59.Nf6  1-0

[Event "Oberliga Nord W9192"]
[Site "Germany"]
[Date "1992.??.??"]
[Round "?"]
[White "David, Adrian"]
[Black "Blatny, Pavel"]
[Result "1-0"]
[WhiteElo "2300"]
[BlackElo "2480"]

1.Nf3 Nf6 2.c4 d6 3.d4 Nbd7 4.Nc3 e5 5.e4 Be7 6.Be2 O-O 7.O-O h6 8.Qc2 c6
9.Rd1 Qc7 10.h3 Re8 11.Be3 Nf8 12.Rac1 Ng6 13.dxe5 dxe5 14.c5 Be6 15.Qa4 Nd7
16.Nd5 cxd5 17.exd5 Bxd5 18.Rxd5 Nf6 19.Rdd1 e4 20.Nd4 Nf4 21.Bc4 N4d5 22.Nb5 Qe5
23.Bd4 Qg5 24.Bxf6 Nxf6 25.Nc7 e3 26.f4 Qg3 27.Nxe8 Rxe8 28.b4 Bd8 29.Qxe8+ Nxe8
30.Rxd8 Kh7 31.Rxe8 Qf2+ 32.Kh1 Qd2 33.Rf1 Qc2 34.Bb3 Qd2 35.Bc4 Qc2 36.Bb3 Qd2
37.Bd1 f5 38.Re5 Kg6 39.a3 Kf6 40.Bf3 g5 41.Rd1  1-0

[Event "Oberliga Nord W9192"]
[Site "Germany"]
[Date "1992.??.??"]
[Round "?"]
[White "Blatny, Pavel"]
[Black "Lau, Dietmar"]
[Result "1-0"]
[WhiteElo "2480"]
[BlackElo "2235"]

1.e4 c5 2.c3 d5 3.exd5 Qxd5 4.d4 Nc6 5.Nf3 Bg4 6.Be2 cxd4 7.cxd4 e6 8.Nc3 Qd8
9.O-O Nf6 10.h3 Bh5 11.Qa4 Be7 12.Rd1 O-O 13.g4 Bg6 14.Ne5 Nb4 15.Nxg6 hxg6
16.Bf3 Nfd5 17.a3 Nxc3 18.bxc3 Nd5 19.Qb3 b5 20.Bd2 Rc8 21.a4 a6 22.axb5 axb5
23.Bxd5 exd5 24.Qxb5 Rb8 25.Qd3 Qc7 26.Rdb1 Rxb1+ 27.Rxb1 Ra8 28.Qb5 Qd6
29.Qb6 Qe6 30.Qb7 Ra2 31.Re1 Qf6 32.Re2  1-0

[Event "Oberliga Nord W9192"]
[Site "Germany"]
[Date "1992.??.??"]
[Round "?"]
[White "Junge, Ralf"]
[Black "Blatny, Pavel"]
[Result "0-1"]
[WhiteElo "2365"]
[BlackElo "2480"]

1.d4 d5 2.c4 e6 3.Nc3 Nf6 4.Nf3 Nbd7 5.cxd5 exd5 6.Bg5 Bb4 7.e3 c5 8.Bd3 Qa5
9.Qc2 c4 10.Bf5 O-O 11.O-O Re8 12.Bh4 Bxc3 13.bxc3 Ne4 14.Nd2 Nxc3 15.Bxh7+ Kh8
16.Bf5 Nb6 17.Kh1 Qa4 18.Qxc3 Bxf5 19.Rfe1 Bd3 20.f3 a5 21.e4 Qb4 22.Qc1 c3
23.Nb3 dxe4 24.fxe4 Rxe4 25.Rxe4 Bxe4 26.Qf4 a4 27.Nc5 Bxg2+ 28.Kxg2 Qb2+
29.Bf2 Qxa1 30.Qxf7 Qd1 31.Qe6 Qh5 32.Qxb6 Rf8 33.Qxb7 c2  0-1

[Event "Oberliga Nord W9192"]
[Site "Germany"]
[Date "1992.??.??"]
[Round "?"]
[White "Kottke, Uwe"]
[Black "Blatny, Pavel"]
[Result "0-1"]
[WhiteElo "2305"]
[BlackElo "2480"]

1.d4 d5 2.c4 e6 3.Nf3 Nd7 4.g3 dxc4 5.Bg2 a6 6.Nbd2 b5 7.Ne5 Nxe5 8.Bxa8 Qxd4
9.Bg2 Bc5 10.O-O Nf6 11.Qc2 Neg4 12.Ne4 Nxe4 13.Bxe4 Nxf2 14.Bc6+ Ke7 15.e3 Nh3+
16.Kh1 Qd6 17.Bg2 e5 18.b3 Qd3 19.Qxd3 cxd3 20.Bb2 f6 21.Rac1 Bb6 22.Ba3+ Kf7
23.Bd5+ Be6 24.Be4 d2 25.Rcd1 Bxe3 26.Kg2 Ng5 27.Bf3 Bh3+  0-1

[Event "Katowice op"]
[Site "Katowice"]
[Date "1992.??.??"]
[Round "1"]
[White "Blatny, Pavel"]
[Black "Wieczorek, Zbigniew"]
[Result "1-0"]
[WhiteElo "2480"]
[BlackElo "2240"]

1.d4 Nf6 2.Nf3 g6 3.Nc3 d5 4.Bf4 Bg7 5.e3 Bg4 6.Be2 Bxf3 7.Bxf3 c6 8.Qd2 Nbd7
9.e4 dxe4 10.Nxe4 Nxe4 11.Bxe4 f5 12.Bf3 e5 13.Bh6 Bxh6 14.Qxh6 Qa5+ 15.c3 exd4
16.O-O Ne5 17.b4 Qc7 18.cxd4 Nxf3+ 19.gxf3 O-O-O 20.b5 Rxd4 21.bxc6 bxc6
22.Rab1 Rhd8 23.Rfc1 Rd3 24.Qh4 R3d4 25.Qf6 R8d6 26.Qe5 Rg4+ 27.fxg4 Rd1+
28.Rxd1 Qxe5 29.Rb4 Qe2 30.Rc1 fxg4 31.Rbc4 Qxa2 32.Rxc6+ Kd7 33.Rc7+ Ke6
34.Rxh7 a5 35.Ra7 Kd5 36.Re7 a4 37.Rd1+ Kc5 38.Rc7+ Kb6 39.Rcc1 Qe2 40.Rb1+ Ka5
41.Rd5+ Ka6 42.Rd4 Qc2 43.Ra1 Kb5 44.Rdxa4 Qb2 45.Ra8 Kc6 46.Rd1 Kc7 47.Raa1 Qe2
48.Rac1+ Kb7 49.Re1 Qd2 50.Rb1+ Ka7 51.Re3 Qd6 52.Reb3  1-0

[Event "Katowice op"]
[Site "Katowice"]
[Date "1992.??.??"]
[Round "2"]
[White "Michalek, Jan"]
[Black "Blatny, Pavel"]
[Result "0-1"]
[WhiteElo "2335"]
[BlackElo "2480"]

1.e4 e5 2.Nf3 Nc6 3.Bb5 a6 4.Ba4 Nf6 5.d4 exd4 6.O-O Be7 7.Re1 b5 8.Bb3 d6
9.Bd5 Nxd5 10.exd5 Ne5 11.Nxd4 O-O 12.Bf4 Bf6 13.Bxe5 dxe5 14.Nc6 Qd6 15.Nc3 Bf5
16.Qf3 Bxc2 17.Re2 Bg6 18.Rae1 Rae8 19.Ne4 Bxe4 20.Qxe4 g6 21.a4 bxa4 22.Ra1 Bg7
23.Rxa4 f5 24.Qc4 Kh8 25.b4 Ra8 26.Rea2 e4 27.Qc5 Qf6 28.b5 f4 29.Rxa6 Rae8
30.R6a3 Qg5 31.Nd4 f3 32.g3 Kg8 33.Nb3 Qh5 34.Qc4 Kh8 35.Nd2 e3 36.Rxe3 Rxe3
37.fxe3 Qe5 38.Nf1 Rd8 39.Qf4 Qxd5 40.Rf2 Rf8 41.Qxc7 Qxb5 42.Qe7 Qf5 43.Nd2 Qd5
44.Qe4 Qxe4 45.Nxe4 Bh6 46.Nd2 Bxe3 47.Kf1 Kg7 48.Nxf3 Bxf2 49.Kxf2 Kf6 50.g4 Ke6
51.Ke3 Kd5 52.h3 Rf7 53.h4 h6 54.Ng1 Ra7  0-1

[Event "Katowice op"]
[Site "Katowice"]
[Date "1992.??.??"]
[Round "3"]
[White "Blatny, Pavel"]
[Black "Zelcic, Robert"]
[Result "1-0"]
[WhiteElo "2480"]
[BlackElo "2380"]

1.e4 Nf6 2.e5 Nd5 3.d4 d6 4.Nf3 Bg4 5.Be2 c6 6.c4 Nb6 7.Nbd2 dxe5 8.Nxe5 Bf5
9.Nf1 N8d7 10.Bf4 Nxe5 11.Bxe5 Nd7 12.Bf4 Be4 13.Nd2 Bg6 14.Qb3 Qb6 15.Qc3 e5
16.c5 exd4 17.Qg3 Nxc5 18.O-O Be7 19.Nc4 Ne4 20.Qf3 Qd8 21.Ne5 Nc5 22.Bc4 O-O
23.Rfe1 Nd7 24.Nxg6 hxg6 25.Bc7 Qe8 26.Re2 b5 27.Bb3 Nb6 28.Rae1 Nc8 29.Qg4 g5
30.h4 d3 31.hxg5 dxe2 32.g6 Bg5 33.Qxg5 Ne7 34.Rxe2  1-0

[Event "Katowice op"]
[Site "Katowice"]
[Date "1992.??.??"]
[Round "5"]
[White "Blatny, Pavel"]
[Black "Michenka, Jozef"]
[Result "1-0"]
[WhiteElo "2480"]
[BlackElo "2395"]

1.d4 Nf6 2.Nf3 e6 3.Bf4 b6 4.Nbd2 Bb7 5.e3 Be7 6.Bd3 d5 7.c3 Ne4 8.Ne5 Nxd2
9.Kxd2 a6 10.Qh5 g6 11.Qh6 Bf8 12.Qh3 Bg7 13.Bh6 Bxh6 14.Qxh6 Nd7 15.f4 Qe7
16.g4 Qf8 17.Qxf8+ Nxf8 18.h4 Nd7 19.h5 Nxe5 20.fxe5 Ke7 21.g5 Bc6 22.Rh4 Bb5
23.Bc2 h6 24.hxg6 hxg5 25.Rh7 Rxh7 26.gxh7 f5 27.exf6+ Kxf6 28.Rh1 Rh8 29.Rh6+ Ke7
30.Ke1 Bd7 31.Kf2 Kf7 32.Kg3 Kg7 33.Rh5 Kf6 34.Rh2 Kg7 35.Kg4 e5+ 36.Kxg5 e4
37.Bb3 Be6 38.Rh6 Bf7 39.a3 a5 40.Ba4 c5 41.Bb5 cxd4 42.cxd4 Rxh7 43.Rxh7+ Kxh7
44.Kf6 Bg8 45.Be8  1-0

[Event "Katowice op"]
[Site "Katowice"]
[Date "1992.??.??"]
[Round "7"]
[White "Blatny, Pavel"]
[Black "Filipenko, Alexander V"]
[Result "1/2-1/2"]
[WhiteElo "2480"]
[BlackElo "2375"]

1.e4 c5 2.c3 e5 3.Nf3 Nc6 4.Bc4 Qc7 5.O-O Nf6 6.Re1 Be7 7.d4 d6 8.Na3 O-O
9.dxc5 dxc5 10.Bd5 Bg4 11.h3 Bh5 12.g4 Bg6 13.g5 Nxd5 14.exd5 Rad8 15.c4 Qd7
16.Re3 e4 17.Nd2 Nd4 18.Nxe4 Bxe4 19.Rxe4 Qxh3 20.Re3 Qd7 21.Nc2 Nxc2 22.Qxc2 Bxg5
23.Rg3 Bxc1 24.Rxc1 Rfe8 25.Qc3 g6 26.Kg2 Re4 27.Rh1 Rg4 28.Re1 Rxg3+ 29.Qxg3 b5
30.b3 bxc4 31.bxc4 h5 32.Qg5 Re8 33.Rxe8+ Qxe8 34.Kh2 Qb8+ 35.Kg2 Qd6 36.a4 Kg7
37.a5 f6 38.Qe3 g5 39.Qe8 h4 40.Qa8 Kg6 41.Qg8+ Kf5 42.Qc8+ Kg6 43.Qg8+ Kf5
44.Qc8+ Kg6  1/2-1/2

[Event "Kecskemet2"]
[Site "Kecskemet"]
[Date "1992.??.??"]
[Round "1"]
[White "Blatny, Pavel"]
[Black "Szalanczy, Emil"]
[Result "1-0"]
[WhiteElo "2515"]
[BlackElo "2370"]

1.d4 c5 2.c3 cxd4 3.cxd4 d5 4.Nc3 Nc6 5.Nf3 g6 6.Bf4 a6 7.e3 Bg7 8.Be2 e6
9.Rc1 Nge7 10.O-O O-O 11.Na4 h6 12.h3 g5 13.Bh2 Ng6 14.Qb3 b5 15.Rxc6 bxa4
16.Qb6 Qxb6 17.Rxb6 Re8 18.Rc1 Bf8 19.Bd3 Ne7 20.Bd6 Ra7 21.a3 f6 22.Rc5 Kf7
23.Ra5 Bb7 24.Bc5 Nc8 25.Rb4 Bxc5 26.Rxc5 Re7 27.Bc2 Nd6 28.Nd2 e5 29.Bxa4 exd4
30.Rxd4 Nf5 31.Rd3 Kg6 32.Bc2 Kg7 33.Nb3 Nh4 34.Nd4 Kf7 35.Rdc3 a5 36.g3 Ng6
37.Nf5 d4 38.Nxd4 Ne5 39.Bd1 Be4 40.f3 Ba8 41.f4 gxf4 42.gxf4 Nd7 43.Bh5+ Kg8
44.Rc8+ Kh7 45.Nf5 Re6 46.R8c7  1-0